| 000 | 01590nam0a2200349 4500 | ||
|---|---|---|---|
| 001 | RU\NLR\BIBL_A\022605419 | ||
| 005 | 20260420052330.0 | ||
| 010 |
_a978-5-9613-0827-3 _9100 |
||
| 021 |
_aRU _bКН-П-25-038202 _9КН-П-25-3738 |
||
| 035 | _a(NLR Aleph) 022605419 | ||
| 090 |
_a13682301 _c13682301 |
||
| 100 | _a20250820d2025 c y0rusy50 ca | ||
| 101 | 0 |
_abak _arus _aeng |
|
| 102 | _aRU | ||
| 105 | _aa z 000 y | ||
| 181 | 0 |
_ai _baxxe |
|
| 182 | 0 | _an | |
| 200 | 1 |
_aӨйрәндем! _e[балалар өсөн шиғырҙар] _fЗемфира Аҡбутина _g[рус теленә тәрж.: Булат Усманов, Леонид Соколов, инглиз теленә - Рәшиҙә Йомаҙилова _gрәссамы Лиана Ниғмәтйәнова] |
|
| 203 |
_aТекст _bвизуальный _cнепосредственный |
||
| 210 |
_aӨфө _cЮлдаш _d2025 |
||
| 215 |
_a58 б. _cил., цв. ил. _d30 |
||
| 300 | _aТекст парал. башк., рус., англ. | ||
| 541 | 1 |
_6z01790 _aЯ научился! _e[стихи для детей]. _zrus |
|
| 686 | 1 | _aШ9(2)6=Баш-5 | |
| 700 | 1 |
_4070 _7ca _8bak _aАҡбутина _bЗ. Х. ҡыҙы _f1966- _gЗемфира Хәкимйән ҡыҙы _9205729 _3RU\NLR\AUTH\770205781 |
|
| 702 | 1 |
_aУсманов _bБ. _gБулат _4730 |
|
| 702 | 1 |
_aЙомаҙилова _bР. _gРәшиҙә _4730 |
|
| 702 | 1 |
_aНиғмәтйәнова _bЛ. _gЛиана _4440 |
|
| 790 | 1 |
_6z01541 _aАкбутина _bЗ. Х. _gЗемфира Хакимьяновна _4070 |
|
| 942 | _cBOOK | ||
| 980 | _aNB | ||